10 Most Visited Cities in Italy - Statistics

General Stats
  • This quiz has been taken 247 times
  • The average score is 7 of 10
Answer Stats
City % Correct
Rome
100%
Milan
98%
Venice
96%
Naples
94%
Florence
92%
Bologna
70%
Verona
64%
Siena
31%
Syracuse
11%
Sorrento
8%
No matching quizzes found
Score Distribution
Percent of People with Each Score
Percentile by Number Answered
Your Score History
You have not taken this quiz